<?xml version="1.0" encoding="UTF-8"?>
<collection xmlns="http://www.loc.gov/MARC21/slim">
 <record>
  <leader>06449cam a2201177   4500</leader>
  <controlfield tag="001">894260227</controlfield>
  <controlfield tag="003">DE-627</controlfield>
  <controlfield tag="005">20240928203046.0</controlfield>
  <controlfield tag="007">tu</controlfield>
  <controlfield tag="008">170726s2017    gw |||||      00| ||ger c</controlfield>
  <datafield tag="015" ind1=" " ind2=" ">
   <subfield code="a">17,N18</subfield>
   <subfield code="2">dnb</subfield>
  </datafield>
  <datafield tag="016" ind1="7" ind2=" ">
   <subfield code="a">1130715221</subfield>
   <subfield code="2">DE-101</subfield>
  </datafield>
  <datafield tag="020" ind1=" " ind2=" ">
   <subfield code="a">9783428150274</subfield>
   <subfield code="c">Broschur : circa EUR 49.90 (DE), circa EUR 51.30 (AT)</subfield>
   <subfield code="9">978-3-428-15027-4</subfield>
  </datafield>
  <datafield tag="020" ind1=" " ind2=" ">
   <subfield code="a">9783428850273</subfield>
   <subfield code="c">(Print &amp; E-Book)</subfield>
   <subfield code="9">978-3-428-85027-3</subfield>
  </datafield>
  <datafield tag="020" ind1=" " ind2=" ">
   <subfield code="a">3428150279</subfield>
   <subfield code="9">3-428-15027-9</subfield>
  </datafield>
  <datafield tag="024" ind1="3" ind2=" ">
   <subfield code="a">9783428150274</subfield>
  </datafield>
  <datafield tag="035" ind1=" " ind2=" ">
   <subfield code="a">(DE-627)894260227</subfield>
  </datafield>
  <datafield tag="035" ind1=" " ind2=" ">
   <subfield code="a">(DE-576)48794271X</subfield>
  </datafield>
  <datafield tag="035" ind1=" " ind2=" ">
   <subfield code="a">(DE-599)GBV894260227</subfield>
  </datafield>
  <datafield tag="035" ind1=" " ind2=" ">
   <subfield code="a">(OCoLC)1001571325</subfield>
  </datafield>
  <datafield tag="035" ind1=" " ind2=" ">
   <subfield code="a">(OCoLC)1001571325</subfield>
  </datafield>
  <datafield tag="040" ind1=" " ind2=" ">
   <subfield code="a">DE-627</subfield>
   <subfield code="b">ger</subfield>
   <subfield code="c">DE-627</subfield>
   <subfield code="e">rda</subfield>
  </datafield>
  <datafield tag="041" ind1=" " ind2=" ">
   <subfield code="a">ger</subfield>
  </datafield>
  <datafield tag="044" ind1=" " ind2=" ">
   <subfield code="c">XA-DE-BE</subfield>
  </datafield>
  <datafield tag="082" ind1="0" ind2=" ">
   <subfield code="a">340</subfield>
   <subfield code="q">SEPA</subfield>
  </datafield>
  <datafield tag="082" ind1="0" ind2="4">
   <subfield code="a">340</subfield>
   <subfield code="q">DE-101</subfield>
  </datafield>
  <datafield tag="084" ind1=" " ind2=" ">
   <subfield code="a">2</subfield>
   <subfield code="2">ssgn</subfield>
  </datafield>
  <datafield tag="084" ind1=" " ind2=" ">
   <subfield code="a">KUNST</subfield>
   <subfield code="q">DE-16</subfield>
   <subfield code="2">fid</subfield>
  </datafield>
  <datafield tag="084" ind1=" " ind2=" ">
   <subfield code="a">LH 60180</subfield>
   <subfield code="2">rvk</subfield>
   <subfield code="0">(DE-625)rvk/94174:</subfield>
  </datafield>
  <datafield tag="084" ind1=" " ind2=" ">
   <subfield code="a">PD 6300</subfield>
   <subfield code="2">rvk</subfield>
   <subfield code="0">(DE-625)rvk/135278:</subfield>
  </datafield>
  <datafield tag="084" ind1=" " ind2=" ">
   <subfield code="a">PR 2629</subfield>
   <subfield code="2">rvk</subfield>
   <subfield code="0">(DE-625)rvk/139654:</subfield>
  </datafield>
  <datafield tag="084" ind1=" " ind2=" ">
   <subfield code="a">86.93</subfield>
   <subfield code="2">bkl</subfield>
  </datafield>
  <datafield tag="084" ind1=" " ind2=" ">
   <subfield code="a">86.50</subfield>
   <subfield code="2">bkl</subfield>
  </datafield>
  <datafield tag="084" ind1=" " ind2=" ">
   <subfield code="a">86.58</subfield>
   <subfield code="2">bkl</subfield>
  </datafield>
  <datafield tag="084" ind1=" " ind2=" ">
   <subfield code="a">86.21</subfield>
   <subfield code="2">bkl</subfield>
  </datafield>
  <datafield tag="084" ind1=" " ind2=" ">
   <subfield code="a">02.15</subfield>
   <subfield code="2">bkl</subfield>
  </datafield>
  <datafield tag="084" ind1=" " ind2=" ">
   <subfield code="a">20.05</subfield>
   <subfield code="2">bkl</subfield>
  </datafield>
  <datafield tag="090" ind1=" " ind2=" ">
   <subfield code="a">a</subfield>
  </datafield>
  <datafield tag="100" ind1="1" ind2=" ">
   <subfield code="a">Heidt, Sheila</subfield>
   <subfield code="e">VerfasserIn</subfield>
   <subfield code="0">(DE-588)1137652195</subfield>
   <subfield code="0">(DE-627)895024519</subfield>
   <subfield code="0">(DE-576)491698542</subfield>
   <subfield code="4">aut</subfield>
  </datafield>
  <datafield tag="245" ind1="1" ind2="0">
   <subfield code="a">Restitutionsbegehren bei NS-Raubkunst</subfield>
   <subfield code="b">Praxisleitfaden zur &quot;Handreichung zur Umsetzung der ,Erklärung der Bundesregierung, der Länder und der kommunalen Spitzenverbände zur Auffindung und zur Rückgabe NS-verfolgungsbedingt entzogenen Kulturgutes, insbesondere aus jüdischem Besitz'&quot;</subfield>
   <subfield code="c">von Sheila Heidt</subfield>
  </datafield>
  <datafield tag="264" ind1=" " ind2="1">
   <subfield code="a">Berlin</subfield>
   <subfield code="b">Duncker &amp; Humblot</subfield>
   <subfield code="c">[2017]</subfield>
  </datafield>
  <datafield tag="264" ind1=" " ind2="4">
   <subfield code="c">© 2017</subfield>
  </datafield>
  <datafield tag="300" ind1=" " ind2=" ">
   <subfield code="a">248 Seiten</subfield>
   <subfield code="c">23.3 cm x 15.7 cm</subfield>
  </datafield>
  <datafield tag="336" ind1=" " ind2=" ">
   <subfield code="a">Text</subfield>
   <subfield code="b">txt</subfield>
   <subfield code="2">rdacontent</subfield>
  </datafield>
  <datafield tag="337" ind1=" " ind2=" ">
   <subfield code="a">ohne Hilfsmittel zu benutzen</subfield>
   <subfield code="b">n</subfield>
   <subfield code="2">rdamedia</subfield>
  </datafield>
  <datafield tag="338" ind1=" " ind2=" ">
   <subfield code="a">Band</subfield>
   <subfield code="b">nc</subfield>
   <subfield code="2">rdacarrier</subfield>
  </datafield>
  <datafield tag="500" ind1=" " ind2=" ">
   <subfield code="a">Literaturverzeichnis: Seite 197-239</subfield>
  </datafield>
  <datafield tag="583" ind1="1" ind2=" ">
   <subfield code="a">Archivierung/Langzeitarchivierung gewährleistet</subfield>
   <subfield code="f">FID</subfield>
   <subfield code="x">XA-DE-BW</subfield>
   <subfield code="2">pdager</subfield>
   <subfield code="5">DE-16</subfield>
  </datafield>
  <datafield tag="655" ind1=" " ind2="7">
   <subfield code="a">Beispielsammlung</subfield>
   <subfield code="0">(DE-588)4144384-6</subfield>
   <subfield code="0">(DE-627)104798521</subfield>
   <subfield code="0">(DE-576)209733659</subfield>
   <subfield code="2">gnd-content</subfield>
  </datafield>
  <datafield tag="655" ind1=" " ind2="7">
   <subfield code="a">Quelle</subfield>
   <subfield code="0">(DE-588)4135952-5</subfield>
   <subfield code="0">(DE-627)105661236</subfield>
   <subfield code="0">(DE-576)209665084</subfield>
   <subfield code="2">gnd-content</subfield>
  </datafield>
  <datafield tag="689" ind1="0" ind2="0">
   <subfield code="d">g</subfield>
   <subfield code="0">(DE-588)4011882-4</subfield>
   <subfield code="0">(DE-627)104704861</subfield>
   <subfield code="0">(DE-576)208896155</subfield>
   <subfield code="a">Deutschland</subfield>
   <subfield code="2">gnd</subfield>
  </datafield>
  <datafield tag="689" ind1="0" ind2="1">
   <subfield code="d">s</subfield>
   <subfield code="0">(DE-588)4013021-6</subfield>
   <subfield code="0">(DE-627)104682922</subfield>
   <subfield code="0">(DE-576)208901639</subfield>
   <subfield code="a">Drittes Reich</subfield>
   <subfield code="2">gnd</subfield>
  </datafield>
  <datafield tag="689" ind1="0" ind2="2">
   <subfield code="d">s</subfield>
   <subfield code="0">(DE-588)4028808-0</subfield>
   <subfield code="0">(DE-627)10430670X</subfield>
   <subfield code="0">(DE-576)208979565</subfield>
   <subfield code="a">Juden</subfield>
   <subfield code="2">gnd</subfield>
  </datafield>
  <datafield tag="689" ind1="0" ind2="3">
   <subfield code="d">s</subfield>
   <subfield code="0">(DE-588)4014843-9</subfield>
   <subfield code="0">(DE-627)106338498</subfield>
   <subfield code="0">(DE-576)208909680</subfield>
   <subfield code="a">Enteignung</subfield>
   <subfield code="2">gnd</subfield>
  </datafield>
  <datafield tag="689" ind1="0" ind2="4">
   <subfield code="d">s</subfield>
   <subfield code="0">(DE-588)4134168-5</subfield>
   <subfield code="0">(DE-627)105674702</subfield>
   <subfield code="0">(DE-576)209650001</subfield>
   <subfield code="a">Kunstraub</subfield>
   <subfield code="2">gnd</subfield>
  </datafield>
  <datafield tag="689" ind1="0" ind2="5">
   <subfield code="d">s</subfield>
   <subfield code="0">(DE-588)4322105-1</subfield>
   <subfield code="0">(DE-627)127996753</subfield>
   <subfield code="0">(DE-576)211233927</subfield>
   <subfield code="a">Restitution</subfield>
   <subfield code="g">Kulturpolitik</subfield>
   <subfield code="2">gnd</subfield>
  </datafield>
  <datafield tag="689" ind1="0" ind2="5">
   <subfield code="d">s</subfield>
   <subfield code="0">(DE-588)4131778-6</subfield>
   <subfield code="0">(DE-627)105692654</subfield>
   <subfield code="0">(DE-576)209630094</subfield>
   <subfield code="a">Herausgabeanspruch</subfield>
   <subfield code="2">gnd</subfield>
  </datafield>
  <datafield tag="689" ind1="0" ind2="5">
   <subfield code="d">s</subfield>
   <subfield code="0">(DE-588)4178639-7</subfield>
   <subfield code="0">(DE-627)104515627</subfield>
   <subfield code="0">(DE-576)209985771</subfield>
   <subfield code="a">Rückerstattung</subfield>
   <subfield code="2">gnd</subfield>
  </datafield>
  <datafield tag="689" ind1="0" ind2=" ">
   <subfield code="5">DE-101</subfield>
  </datafield>
  <datafield tag="689" ind1="1" ind2="0">
   <subfield code="d">s</subfield>
   <subfield code="0">(DE-588)4041316-0</subfield>
   <subfield code="0">(DE-627)106219685</subfield>
   <subfield code="0">(DE-576)209044454</subfield>
   <subfield code="a">Nationalsozialismus</subfield>
   <subfield code="2">gnd</subfield>
  </datafield>
  <datafield tag="689" ind1="1" ind2="1">
   <subfield code="d">s</subfield>
   <subfield code="0">(DE-588)4134168-5</subfield>
   <subfield code="0">(DE-627)105674702</subfield>
   <subfield code="0">(DE-576)209650001</subfield>
   <subfield code="a">Kunstraub</subfield>
   <subfield code="2">gnd</subfield>
  </datafield>
  <datafield tag="689" ind1="1" ind2="2">
   <subfield code="d">s</subfield>
   <subfield code="0">(DE-588)4139819-1</subfield>
   <subfield code="0">(DE-627)105632538</subfield>
   <subfield code="0">(DE-576)209697571</subfield>
   <subfield code="a">Kulturgut</subfield>
   <subfield code="2">gnd</subfield>
  </datafield>
  <datafield tag="689" ind1="1" ind2="3">
   <subfield code="d">g</subfield>
   <subfield code="0">(DE-588)4011882-4</subfield>
   <subfield code="0">(DE-627)104704861</subfield>
   <subfield code="0">(DE-576)208896155</subfield>
   <subfield code="a">Deutschland</subfield>
   <subfield code="2">gnd</subfield>
  </datafield>
  <datafield tag="689" ind1="1" ind2="4">
   <subfield code="d">s</subfield>
   <subfield code="0">(DE-588)4377205-5</subfield>
   <subfield code="0">(DE-627)184823099</subfield>
   <subfield code="0">(DE-576)211795534</subfield>
   <subfield code="a">Kriegsbeute</subfield>
   <subfield code="2">gnd</subfield>
  </datafield>
  <datafield tag="689" ind1="1" ind2="5">
   <subfield code="d">s</subfield>
   <subfield code="0">(DE-588)4322105-1</subfield>
   <subfield code="0">(DE-627)127996753</subfield>
   <subfield code="0">(DE-576)211233927</subfield>
   <subfield code="a">Restitution</subfield>
   <subfield code="g">Kulturpolitik</subfield>
   <subfield code="2">gnd</subfield>
  </datafield>
  <datafield tag="689" ind1="1" ind2=" ">
   <subfield code="5">(DE-627)</subfield>
  </datafield>
  <datafield tag="710" ind1="2" ind2=" ">
   <subfield code="a">Duncker &amp; Humblot</subfield>
   <subfield code="e">Verlag</subfield>
   <subfield code="0">(DE-588)5082687-6</subfield>
   <subfield code="0">(DE-627)12605729X</subfield>
   <subfield code="0">(DE-576)194461106</subfield>
   <subfield code="4">pbl</subfield>
  </datafield>
  <datafield tag="776" ind1="1" ind2=" ">
   <subfield code="z">9783428550272</subfield>
   <subfield code="c"> :  (E-Book)</subfield>
  </datafield>
  <datafield tag="776" ind1="0" ind2="8">
   <subfield code="i">Erscheint auch als</subfield>
   <subfield code="n">Online-Ausgabe</subfield>
   <subfield code="a">Heidt, Sheila</subfield>
   <subfield code="t">Restitutionsbegehren bei NS-Raubkunst</subfield>
   <subfield code="d">Berlin : Duncker &amp; Humblot, 2017</subfield>
   <subfield code="h">1 Online-Ressource (248 Seiten)</subfield>
   <subfield code="w">(DE-627)891228594</subfield>
   <subfield code="w">(DE-576)490145159</subfield>
   <subfield code="z">9783428150274</subfield>
   <subfield code="z">9783428850273</subfield>
   <subfield code="z">9783428550272</subfield>
  </datafield>
  <datafield tag="787" ind1="0" ind2="8">
   <subfield code="i">Rezensiert in</subfield>
   <subfield code="a">Kahmann, Henning, 1973 - </subfield>
   <subfield code="t">Restitution und Prüfprogramm</subfield>
   <subfield code="d">2017</subfield>
   <subfield code="w">(DE-627)1753989450</subfield>
  </datafield>
  <datafield tag="787" ind1="0" ind2="8">
   <subfield code="i">Rezensiert in</subfield>
   <subfield code="a">Weller, Matthias, 1971 - </subfield>
   <subfield code="t">Literaturbesprechung</subfield>
   <subfield code="d">2018</subfield>
   <subfield code="w">(DE-627)184714456X</subfield>
  </datafield>
  <datafield tag="856" ind1="4" ind2="2">
   <subfield code="u">http://d-nb.info/1130715221/04</subfield>
   <subfield code="m">B:DE-101</subfield>
   <subfield code="q">pdf/application</subfield>
   <subfield code="v">20170816003401</subfield>
   <subfield code="x">Verlag</subfield>
   <subfield code="3">Inhaltsverzeichnis</subfield>
  </datafield>
  <datafield tag="856" ind1="4" ind2="2">
   <subfield code="u">http://deposit.dnb.de/cgi-bin/dokserv?id=7b15deabd77943b380b1da5559711e99&amp;prov=M&amp;dok_var=1&amp;dok_ext=htm</subfield>
   <subfield code="m">X:MVB</subfield>
   <subfield code="q">text/html</subfield>
   <subfield code="3">Inhaltstext</subfield>
  </datafield>
  <datafield tag="935" ind1=" " ind2=" ">
   <subfield code="i">sf</subfield>
  </datafield>
  <datafield tag="935" ind1=" " ind2=" ">
   <subfield code="i">Blocktest</subfield>
  </datafield>
  <datafield tag="936" ind1="r" ind2="v">
   <subfield code="a">LH 60180</subfield>
   <subfield code="b">Kunstdiebstahl, Kunstraub in Kriegen, Rückführung von Kunstgut</subfield>
   <subfield code="k">Kunstgeschichte</subfield>
   <subfield code="k">Allgemeines. Allgemeine Kunstgeschichte</subfield>
   <subfield code="k">Bildende Kunst und Recht</subfield>
   <subfield code="k">Kunstdiebstahl, Kunstraub in Kriegen, Rückführung von Kunstgut</subfield>
   <subfield code="0">(DE-627)1270638327</subfield>
   <subfield code="0">(DE-625)rvk/94174:</subfield>
   <subfield code="0">(DE-576)200638327</subfield>
  </datafield>
  <datafield tag="936" ind1="r" ind2="v">
   <subfield code="a">PD 6300</subfield>
   <subfield code="b">Herausgabeanspruch (rei vindicatio)</subfield>
   <subfield code="k">Rechtswissenschaft</subfield>
   <subfield code="k">Bürgerliches Recht, Privatrecht allgemein</subfield>
   <subfield code="k">Sachenrecht</subfield>
   <subfield code="k">Schutz der dinglichen Rechte, Eigentümer - Besitz - Verhältnis</subfield>
   <subfield code="k">Herausgabeanspruch (rei vindicatio)</subfield>
   <subfield code="0">(DE-627)1271174723</subfield>
   <subfield code="0">(DE-625)rvk/135278:</subfield>
   <subfield code="0">(DE-576)201174723</subfield>
  </datafield>
  <datafield tag="936" ind1="r" ind2="v">
   <subfield code="a">PR 2629</subfield>
   <subfield code="b">Kulturgüterschutz</subfield>
   <subfield code="k">Rechtswissenschaft</subfield>
   <subfield code="k">Völkerrecht</subfield>
   <subfield code="k">Krieg und Neutralität (BF Neutralitätspolitik)</subfield>
   <subfield code="k">Kriegsrecht (BF Kriegsvölkerrecht); Bewaffneter Konflikt (BF Militärischer Konflikt) Übergeordn. Begr.: Internationaler Konflikt</subfield>
   <subfield code="k">Kulturgüterschutz</subfield>
   <subfield code="0">(DE-627)1271422018</subfield>
   <subfield code="0">(DE-625)rvk/139654:</subfield>
   <subfield code="0">(DE-576)201422018</subfield>
  </datafield>
  <datafield tag="936" ind1="b" ind2="k">
   <subfield code="a">86.93</subfield>
   <subfield code="j">Völkerrechtliche Sondergebiete</subfield>
   <subfield code="0">(DE-627)106422456</subfield>
  </datafield>
  <datafield tag="936" ind1="b" ind2="k">
   <subfield code="a">86.50</subfield>
   <subfield code="j">Allgemeines Verwaltungsrecht: Sonstiges</subfield>
   <subfield code="0">(DE-627)106422278</subfield>
  </datafield>
  <datafield tag="936" ind1="b" ind2="k">
   <subfield code="a">86.58</subfield>
   <subfield code="j">Schulrecht</subfield>
   <subfield code="j">Bildungsrecht</subfield>
   <subfield code="j">Hochschulrecht</subfield>
   <subfield code="0">(DE-627)10641075X</subfield>
  </datafield>
  <datafield tag="936" ind1="b" ind2="k">
   <subfield code="a">86.21</subfield>
   <subfield code="j">Sachenrecht</subfield>
   <subfield code="0">(DE-627)106413430</subfield>
  </datafield>
  <datafield tag="936" ind1="b" ind2="k">
   <subfield code="a">02.15</subfield>
   <subfield code="j">Wissenschaftspolitik</subfield>
   <subfield code="j">Kulturpolitik</subfield>
   <subfield code="0">(DE-627)106412582</subfield>
  </datafield>
  <datafield tag="936" ind1="b" ind2="k">
   <subfield code="a">20.05</subfield>
   <subfield code="j">Kunst in Beziehung zu anderen Wissenschaftsgebieten</subfield>
   <subfield code="0">(DE-627)106415824</subfield>
  </datafield>
  <datafield tag="951" ind1=" " ind2=" ">
   <subfield code="a">BO</subfield>
  </datafield>
  <datafield tag="990" ind1=" " ind2=" ">
   <subfield code="a">Deutschland</subfield>
  </datafield>
  <datafield tag="990" ind1=" " ind2=" ">
   <subfield code="a">Drittes Reich</subfield>
  </datafield>
  <datafield tag="990" ind1=" " ind2=" ">
   <subfield code="a">Juden</subfield>
  </datafield>
  <datafield tag="990" ind1=" " ind2=" ">
   <subfield code="a">Enteignung</subfield>
  </datafield>
  <datafield tag="990" ind1=" " ind2=" ">
   <subfield code="a">Kunstraub</subfield>
  </datafield>
  <datafield tag="990" ind1=" " ind2=" ">
   <subfield code="a">Restitution</subfield>
  </datafield>
  <datafield tag="990" ind1=" " ind2=" ">
   <subfield code="a">Herausgabeanspruch</subfield>
  </datafield>
  <datafield tag="990" ind1=" " ind2=" ">
   <subfield code="a">Rückerstattung</subfield>
  </datafield>
  <datafield tag="990" ind1=" " ind2=" ">
   <subfield code="a">Nationalsozialismus</subfield>
  </datafield>
  <datafield tag="990" ind1=" " ind2=" ">
   <subfield code="a">Kunstraub</subfield>
  </datafield>
  <datafield tag="990" ind1=" " ind2=" ">
   <subfield code="a">Kulturgut</subfield>
  </datafield>
  <datafield tag="990" ind1=" " ind2=" ">
   <subfield code="a">Deutschland</subfield>
  </datafield>
  <datafield tag="990" ind1=" " ind2=" ">
   <subfield code="a">Kriegsbeute</subfield>
  </datafield>
  <datafield tag="990" ind1=" " ind2=" ">
   <subfield code="a">Restitution</subfield>
  </datafield>
  <datafield tag="991" ind1=" " ind2=" ">
   <subfield code="a">Rezensiertes Werk</subfield>
  </datafield>
  <datafield tag="999" ind1=" " ind2=" ">
   <subfield code="a">KXP-PPN894260227</subfield>
   <subfield code="e">4049919435</subfield>
  </datafield>
 </record>
</collection>
